FAO conservation guide N32 Management of natural forests of dry tropical zones

Đã lưu trong:
書目詳細資料
主要作者: R Bellefontaine
格式: 圖書
語言:Undetermined
出版: Rome FAO 2000
主題:
標簽: 添加標簽
沒有標簽, 成為第一個標記此記錄!
Thư viện lưu trữ: Trung tâm Học liệu Trường Đại học Cần Thơ
LEADER 00581nam a2200193Ia 4500
001 CTU_43799
008 210402s9999 xx 000 0 und d
082 |a 631 
082 |b F218/N32 
100 |a R Bellefontaine 
245 0 |a FAO conservation guide N32 
245 0 |b Management of natural forests of dry tropical zones 
245 0 |c R Bellefontaine, A Gaston, FAO, Y Petrucci 
260 |a Rome 
260 |b FAO 
260 |c 2000 
650 |a forests and forestry 
904 |i Nguyễn Quang Điền, 010911 
980 |a Trung tâm Học liệu Trường Đại học Cần Thơ